000 00839nam a2200253Ia 4500
003 OSt
005 20220923221030.0
006 a|||||r|||| 00| 0
007 ta
008 220922b |||||||| |||| 00| 0 hin d
024 _a193,988
037 _cTextual
040 _aARTS
_cARTS
_bhin
041 _2hin
_ahin
082 _aO152,3:g, L9
100 _aवत्स, राकेश, संपा.
_9156315
245 0 _aसक्रिय कहानी की भूमिका
246 _aSakriya kahānī kī bhūmikā
260 _aचण्डीगढ
_b अभिषेक पब्लि0
_c1979
300 _a330पृ.
_ccm.
650 _aहिन्दी साहित्य
_9156264
942 _hO152,3:g, L9
_cTEXL
_2CC
999 _c346405
_d346405